[Event "Titled Tuesday intern op 14th April"]
[Site "Chess.com INT"]
[Date "2020.04.14"]
[Round "5"]
[White "Wo, Woju"]
[Black "Moroni, Luca Jr"]
[Result "1/2-1/2"]
[WhiteElo "2409"]
[BlackElo "2530"]
[PlyCount "113"]
[EventDate "2020.04.14"]
[EventType "swiss (blitz)"]
[EventRounds "10"]
[EventCountry "USA"]
[SourceTitle "EXT 2021"]
[Source "ChessBase"]
[SourceDate "2020.10.23"]
[SourceVersion "1"]
[SourceVersionDate "2020.10.23"]
[SourceQuality "1"]

1. e4 e5 2. Nf3 Nc6 3. d4 exd4 4. Bc4 Nf6 5. 0-0 d6 6. Nxd4 Nxd4 7. Qxd4 Be7 8. Nc3 0-0 9. Bg5 Bd7 10. Rad1 Bc6 11. e5 Ne8 12. Bf4 dxe5 13. Qxe5 Bd6 14. Qe3 Qf6 15. Bg3 Bxg3 16. fxg3 Qg6 17. Nd5 Bxd5 18. Bxd5 Nd6 19. c3 Rfe8 20. Qf4 Re7 21. Rd2 Rae8 22. Rdf2 h6 23. h4 c6 24. Bb3 Kh8 25. h5 Qf6 26. Qxf6 gxf6 27. Rxf6 Ne4 28. Rxf7 Nxg3 29. Rf8+ Rxf8 30. Rxf8+ Kh7 31. Rf7+ Rxf7 32. Bxf7 Kg7 33. Bg6 Ne2+ 34. Kf2 Nf4 35. Be4 Nxh5 36. b4 Kf6 37. Kf3 Ke5 38. b5 cxb5 39. Bxb7 a5 40. a3 Nf6 41. Bc6 Nd5 42. Bxb5 Nxc3 43. Bc4 Kd4 44. Bf7 Nb1 45. a4 Nc3 46. Be8 Kc5 47. Kg4 Kb4 48. Kh5 Nxa4 49. Kxh6 Nc5 50. g4 Ne4 51. g5 Nxg5 52. Kxg5 a4 53. Bf7 a3 54. Kf4 Kc3 55. Ke3 Kb2 56. Kd2 a2 57. Bxa2 1/2-1/2

[Event "Titled Tuesday intern op 14th April"]
[Site "Chess.com INT"]
[Date "2020.04.14"]
[Round "1"]
[White "Zavgorodniy, Sergiy"]
[Black "Wo, Woju"]
[Result "1-0"]
[WhiteElo "2418"]
[BlackElo "2376"]
[PlyCount "171"]
[EventDate "2020.04.14"]
[EventType "swiss (blitz)"]
[EventRounds "10"]
[EventCountry "USA"]
[SourceTitle "EXT 2021"]
[Source "ChessBase"]
[SourceDate "2020.10.23"]
[SourceVersion "1"]
[SourceVersionDate "2020.10.23"]
[SourceQuality "1"]

1. e4 c5 2. Nf3 Nc6 3. Bb5 Na5 4. 0-0 g6 5. c3 Bg7 6. d4 cxd4 7. cxd4 Nf6 8. Nc3 0-0 9. Qe2 a6 10. Bd3 d5 11. e5 Ne8 12. h3 Nc7 13. Be3 b5 14. b3 Bb7 15. Rac1 Rc8 16. Qd2 Ne6 17. Ne2 Nc6 18. Bh6 Qb6 19. Bxg7 Kxg7 20. Bb1 h6 21. h4 f5 22. exf6+ exf6 23. Rfe1 Ne7 24. Nf4 Rxc1 25. Qxc1 Rc8 26. Nxe6+ Qxe6 27. Qa3 Qxe1+ 28. Nxe1 Nc6 29. Nf3 b4 30. Qb2 Ne7 31. Qd2 a5 32. Bd3 Rc3 33. Qe2 Kf7 34. Bb5 Bc8 35. Ne1 Be6 36. Nd3 g5 37. h5 Nf5 38. Qd2 Nxd4 39. Ba4 Bf5 40. Nxb4 Rc1+ 41. Kh2 axb4 42. Qxd4 Be6 43. Qa7+ Kf8 44. Qh7 Bf7 45. Qxh6+ Ke7 46. Qg7 Rc8 47. h6 Rg8 48. Qh7 Kf8 49. Qd3 Rh8 50. Qd4 Rxh6+ 51. Kg1 Kg7 52. Qxb4 Rh4 53. Qxh4 gxh4 54. Bb5 d4 55. Bd3 Kf8 56. Kf1 Ke7 57. f3 Kd6 58. Kf2 Kc5 59. Bc4 Bxc4 60. bxc4 Kxc4 61. Ke2 Kc3 62. Kd1 Kb2 63. a4 Kc3 64. a5 Kd3 65. a6 Ke3 66. a7 Kf2 67. a8Q Kxg2 68. Qe4 h3 69. f4+ Kg3 70. Qxd4 f5 71. Qg1+ Kxf4 72. Qh2+ Kg4 73. Ke2 f4 74. Kf2 f3 75. Qg3+ Kf5 76. Qxf3+ Ke5 77. Qxh3 Kd5 78. Qh4 Kc5 79. Ke3 Kd5 80. Qd4+ Ke6 81. Ke4 Ke7 82. Qe5+ Kd7 83. Kd5 Kc8 84. Qg7 Kd8 85. Kd6 Ke8 86. Qe7# 1-0

[Event "Titled Tuesday intern op 7th April"]
[Site "Chess.com INT"]
[Date "2020.04.07"]
[Round "2"]
[White "Selkirk, Rebecca"]
[Black "Wo, Woju"]
[Result "1-0"]
[WhiteElo "1799"]
[BlackElo "2371"]
[PlyCount "127"]
[EventDate "2020.04.07"]
[EventType "swiss (blitz)"]
[EventRounds "10"]
[EventCountry "USA"]
[SourceTitle "EXT 2021"]
[Source "ChessBase"]
[SourceDate "2020.10.23"]
[SourceVersion "1"]
[SourceVersionDate "2020.10.23"]
[SourceQuality "1"]

1. e4 c5 2. Nf3 Nc6 3. d4 cxd4 4. Nxd4 g6 5. Nc3 Bg7 6. Be3 Nf6 7. Nxc6 bxc6 8. e5 Ng8 9. Bd4 Qc7 10. f4 Nh6 11. e6 0-0 12. Bxg7 Kxg7 13. Qd4+ f6 14. exd7 Bxd7 15. 0-0-0 Bg4 16. Be2 Nf5 17. Qd7 Qxf4+ 18. Kb1 Rfd8 19. Qxc6 Rac8 20. Qb7 Rxc3 21. Bxg4 Rxd1+ 22. Rxd1 Qxg4 23. Rc1 Re3 24. Qxa7 Qe4 25. a4 Re1 26. Rxe1 Qxe1+ 27. Ka2 Qe2 28. Qc5 Qxg2 29. a5 Qe2 30. c4 Nd6 31. Kb3 Qd3+ 32. Kb4 Qd2+ 33. Kb3 Qd1+ 34. Kb4 Qc2 35. b3 Qd2+ 36. Ka3 Qxh2 37. a6 Qg2 38. Qc7 Qe4 39. a7 Qd4 40. Qxe7+ Kh6 41. Qf8+ Kh5 42. Qb8 Nxc4+ 43. bxc4 Qc3+ 44. Qb3 Qa5+ 45. Qa4 Qc3+ 46. Ka2 Qd2+ 47. Kb3 Qd1+ 48. Kb4 Qd6+ 49. c5 Qd4+ 50. Kb5 Qd7+ 51. c6 Qd3+ 52. Kb6 Qe3+ 53. Kb7 Qe7+ 54. c7 Qe4+ 55. Qc6 Qb4+ 56. Ka8 f5 57. c8Q f4 58. Qf3+ Kg5 59. Qd8+ Kh6 60. Qh3+ Kg7 61. Qdd7+ Kf6 62. Qhe6+ Kg5 63. Qg4+ Kh6 64. Qh4# 1-0

[Event "Titled Tuesday intern op 4th Febr"]
[Site "Chess.com INT"]
[Date "2020.02.04"]
[Round "1"]
[White "Bocharov, Dmitry"]
[Black "Wo, Woju"]
[Result "1-0"]
[WhiteElo "2524"]
[BlackElo "2370"]
[PlyCount "65"]
[EventDate "2020.02.04"]
[EventType "swiss (blitz)"]
[EventRounds "10"]
[EventCountry "USA"]
[SourceTitle "EXT 2021"]
[Source "ChessBase"]
[SourceDate "2020.10.23"]
[SourceVersion "1"]
[SourceVersionDate "2020.10.23"]
[SourceQuality "1"]

1. c4 c5 2. Nf3 Nc6 3. Nc3 g6 4. e3 Bg7 5. d4 cxd4 6. exd4 d6 7. Be2 Nf6 8. d5 Nb8 9. 0-0 0-0 10. Be3 Bg4 11. Nd4 Bxe2 12. Qxe2 Nbd7 13. Rac1 Rc8 14. b3 a6 15. Rfd1 Qa5 16. h3 Nc5 17. Qb2 Qd8 18. b4 Nce4 19. Nxe4 Nxe4 20. Qb3 Qd7 21. a4 a5 22. bxa5 Nc5 23. Qb5 Qxb5 24. axb5 Bxd4 25. Bxd4 Nb3 26. Rc3 Nxa5 27. Rdc1 Ra8 28. Bb6 Rfc8 29. Ra3 Nxc4 30. Rxc4 Rxc4 31. Rxa8+ Kg7 32. Be3 b6 33. Rb8 1-0

[Event "Titled Tuesday intern op 4th Febr"]
[Site "Chess.com INT"]
[Date "2020.02.04"]
[Round "4"]
[White "Wo, Woju"]
[Black "Golubev, Mikhail"]
[Result "0-1"]
[WhiteElo "2368"]
[BlackElo "2461"]
[PlyCount "94"]
[EventDate "2020.02.04"]
[EventType "swiss (blitz)"]
[EventRounds "10"]
[EventCountry "USA"]
[SourceTitle "EXT 2021"]
[Source "ChessBase"]
[SourceDate "2020.10.23"]
[SourceVersion "1"]
[SourceVersionDate "2020.10.23"]
[SourceQuality "1"]

1. d4 Nf6 2. Nc3 g6 3. e4 d6 4. h4 Bg7 5. Be2 h5 6. Bg5 c6 7. Qd2 b5 8. f3 b4 9. Nd1 Qb6 10. Ne3 Nfd7 11. 0-0-0 a5 12. Nc4 Qc7 13. Nh3 c5 14. e5 d5 15. Ne3 e6 16. dxc5 Qxe5 17. c3 bxc3 18. Qxc3 d4 19. Qc2 dxe3 20. c6 Nxc6 21. f4 Qc5 22. Qxc5 Nxc5 23. Bb5 Bd7 24. Rd6 Rc8 25. Rhd1 0-0 26. Kb1 e2 27. Bxe2 f6 28. Rc1 Ne7 29. Rxc5 Rxc5 30. Rxd7 Kf7 31. f5 fxg5 32. Nxg5+ Ke8 33. fxe6 Rf2 34. Rd2 Rxg2 35. Bb5+ Rxb5 36. Rxg2 Nf5 37. Ne4 Ke7 38. Rxg6 Rxb2+ 39. Kc1 Bd4 40. Ng5 Ne3 41. Nf3 Rc2+ 42. Kb1 Rc4 43. Rh6 Bc5 44. Rxh5 Ba3 45. Rh7+ Kxe6 46. Ng5+ Kd6 47. Rh6+ Kd5 0-1

[Event "Titled Tuesday intern op 3rd Jan"]
[Site "Chess.com INT"]
[Date "2019.12.03"]
[Round "4"]
[White "Alice, Mateus Felizardo Vi"]
[Black "Wo, Woju"]
[Result "0-1"]
[WhiteElo "2124"]
[BlackElo "2412"]
[PlyCount "74"]
[EventDate "2019.12.03"]
[EventType "swiss (blitz)"]
[EventRounds "10"]
[EventCountry "USA"]
[SourceTitle "EXT 2021"]
[Source "ChessBase"]
[SourceDate "2020.10.23"]
[SourceVersion "1"]
[SourceVersionDate "2020.10.23"]
[SourceQuality "1"]

1. e4 c5 2. Nf3 Nc6 3. Bb5 g6 4. 0-0 Bg7 5. c3 a6 6. Ba4 b5 7. Bc2 d5 8. exd5 Qxd5 9. Re1 Nf6 10. h3 0-0 11. a4 Bb7 12. Qe2 e5 13. axb5 axb5 14. Rxa8 Rxa8 15. Qxb5 Ba6 16. Qa4 e4 17. Bxe4 Nxe4 18. Qxe4 Qxe4 19. Rxe4 Bd3 20. Re1 Bxb1 21. d4 cxd4 22. cxd4 Nxd4 23. Nxd4 Bxd4 24. Bh6 Bf5 25. g4 Be6 26. b3 Ra1 27. Rxa1 Bxa1 28. b4 Bc3 29. b5 Bd4 30. Be3 Bxe3 31. fxe3 Kf8 32. e4 Ke7 33. Kf2 Kd6 34. Ke3 Ke5 35. b6 Bc8 36. g5 Bb7 37. h4 Bxe4 0-1

[Event "Titled Tuesday intern op 3rd Jan"]
[Site "Chess.com INT"]
[Date "2019.12.03"]
[Round "3"]
[White "Wo, Woju"]
[Black "Bjelobrk, Igor"]
[Result "0-1"]
[WhiteElo "2409"]
[BlackElo "2403"]
[PlyCount "74"]
[EventDate "2019.12.03"]
[EventType "swiss (blitz)"]
[EventRounds "10"]
[EventCountry "USA"]
[SourceTitle "EXT 2021"]
[Source "ChessBase"]
[SourceDate "2020.10.23"]
[SourceVersion "1"]
[SourceVersionDate "2020.10.23"]
[SourceQuality "1"]

1. d4 Nf6 2. Nc3 d5 3. Bf4 e6 4. e3 Bb4 5. Nf3 0-0 6. Bd3 c5 7. dxc5 Nbd7 8. 0-0 Nxc5 9. Ne5 Bxc3 10. bxc3 Nfe4 11. c4 f6 12. Nf3 e5 13. Bg3 Nxg3 14. hxg3 e4 15. cxd5 exd3 16. cxd3 Qxd5 17. Nd4 Bd7 18. Rc1 b6 19. a3 Rfd8 20. Kh2 Rac8 21. Rh1 Ne6 22. Rxc8 Rxc8 23. Nf3 Rc3 24. d4 Rxa3 25. Qc1 Ra2 26. Nd2 Qc6 27. Qd1 Qc2 28. Ne4 Qxe4 29. d5 Nf8 30. Qe1 Qxd5 31. e4 Qd4 32. f3 Rd2 33. Qb1 a5 34. Rc1 a4 35. Rc7 Rd1 36. Qa2+ Be6 37. Qa3 Qg1# 0-1

[Event "Titled Tuesday intern op 6th Aug"]
[Site "Chess.com INT"]
[Date "2019.08.06"]
[Round "4"]
[White "Johannesson, Ingvar Thor"]
[Black "Wo, Woju"]
[Result "1/2-1/2"]
[WhiteElo "2346"]
[BlackElo "2130"]
[PlyCount "156"]
[EventDate "2019.08.06"]
[EventType "swiss (blitz)"]
[EventRounds "10"]
[EventCountry "USA"]
[SourceTitle "EXT 2021"]
[Source "ChessBase"]
[SourceDate "2020.10.23"]
[SourceVersion "1"]
[SourceVersionDate "2020.10.23"]
[SourceQuality "1"]

1. c4 c5 2. g3 Nc6 3. Bg2 g6 4. Nc3 Bg7 5. d3 d6 6. h4 e5 7. h5 Be6 8. Nf3 Nge7 9. Ng5 Qd7 10. h6 Bf8 11. Nce4 Ng8 12. Nxe6 fxe6 13. Bg5 Be7 14. Bh3 0-0-0 15. Bxe7 Qxe7 16. Qd2 Kb8 17. Ng5 Nd4 18. f4 exf4 19. gxf4 Nxh6 20. e3 Ndf5 21. 0-0-0 Rhf8 22. Bxf5 Nxf5 23. Rxh7 Qe8 24. Qa5 Rd7 25. Rdh1 b6 26. Qa6 Rg8 27. Rxd7 Qxd7 28. Rh7 Ne7 29. a4 e5 30. a5 Qc8 31. Qb5 Re8 32. axb6 a6 33. Qa4 exf4 34. exf4 Qc6 35. Qxa6 Nc8 36. Kb1 Re1+ 37. Ka2 Qxb6 38. Qxb6+ Nxb6 39. Nf7 Nc8 40. Rh8 Kc7 41. Rg8 Re7 42. Ng5 Re3 43. Rxg6 Rxd3 44. Ne6+ Kc6 45. f5 Ne7 46. Rf6 Rf3 47. Rf7 Nxf5 48. Nd8+ Kb6 49. Rb7+ Ka6 50. Rf7 Nd4 51. Rd7 Nf5 52. Nf7 Rd3 53. Nd8 Kb6 54. Rb7+ Ka6 55. Rf7 Ne3 56. b3 Nc2 57. Kb2 Nb4 58. Rf6 Rd2+ 59. Kb1 Rd1+ 60. Kb2 Rd2+ 61. Kc1 Rd3 62. Kb2 Kb6 63. Nf7 Kc7 64. Ng5 Kd7 65. Rf7+ Kc6 66. Rf3 Rxf3 67. Nxf3 Nd3+ 68. Kc3 Nb4 69. Ng5 d5 70. cxd5+ Kxd5 71. Nh7 Na2+ 72. Kb2 Nb4 73. Nf6+ Kd4 74. Nh5 Nd3+ 75. Kc2 Nb4+ 76. Kd2 Nd5 77. Ng3 c4 78. bxc4 Kxc4 1/2-1/2

[Event "Titled Tuesday intern op 4th Dec"]
[Site "Chess.com INT"]
[Date "2018.12.04"]
[Round "3"]
[White "Sanchez Alarcon, Juan"]
[Black "Wo, Woju"]
[Result "0-1"]
[WhiteElo "2241"]
[BlackElo "2281"]
[PlyCount "72"]
[EventDate "2018.12.04"]
[EventType "swiss (blitz)"]
[EventRounds "10"]
[EventCountry "USA"]
[SourceTitle "EXT 2021"]
[Source "ChessBase"]
[SourceDate "2020.10.23"]
[SourceVersion "1"]
[SourceVersionDate "2020.10.23"]
[SourceQuality "1"]

1. e4 e5 2. Nf3 Nc6 3. Bb5 a6 4. Bxc6 dxc6 5. 0-0 Bg4 6. h3 h5 7. d3 Qf6 8. Be3 Bd6 9. Nbd2 Ne7 10. Re1 0-0-0 11. Rb1 Bb4 12. a3 Bxf3 13. Qxf3 Qxf3 14. gxf3 Bxd2 15. Bxd2 Ng6 16. b4 Nh4 17. Re3 Rh6 18. Kh2 Rf6 19. Kg3 g5 20. Bc3 Ng6 21. a4 Rh8 22. b5 cxb5 23. axb5 g4 24. bxa6 bxa6 25. d4 h4+ 26. Kg2 Nf4+ 27. Kh2 g3+ 28. fxg3 hxg3+ 29. Kxg3 Rxh3+ 30. Kf2 Rh2+ 31. Ke1 Rh1+ 32. Kd2 Rxb1 33. dxe5 Rh6 34. Bd4 Rh2+ 35. Kc3 Ne2+ 36. Kd3 Rd1+ 0-1

[Event "Titled Tuesday intern op 4th Dec"]
[Site "Chess.com INT"]
[Date "2018.12.04"]
[Round "2"]
[White "Wo, Woju"]
[Black "Leenhouts, Koen"]
[Result "0-1"]
[WhiteElo "2250"]
[BlackElo "2470"]
[PlyCount "74"]
[EventDate "2018.12.04"]
[EventType "swiss (blitz)"]
[EventRounds "10"]
[EventCountry "USA"]
[SourceTitle "EXT 2021"]
[Source "ChessBase"]
[SourceDate "2020.10.23"]
[SourceVersion "1"]
[SourceVersionDate "2020.10.23"]
[SourceQuality "1"]

1. e4 c5 2. Nf3 e6 3. d4 cxd4 4. Nxd4 Nc6 5. Nc3 Qc7 6. g3 Nf6 7. Bg2 a6 8. 0-0 h5 9. Nxc6 dxc6 10. e5 Qxe5 11. Re1 Qa5 12. Bd2 Be7 13. Nd5 Qd8 14. Nxe7 Qxe7 15. Bc3 0-0 16. Bxf6 Qxf6 17. Qxh5 Qxb2 18. Rab1 Qf6 19. Re4 g6 20. Qh6 e5 21. Rbe1 Qg7 22. Qe3 f6 23. Rh4 g5 24. Rb4 a5 25. Rc4 Be6 26. Rc5 Bxa2 27. c4 a4 28. f4 exf4 29. gxf4 gxf4 30. Qe6+ Rf7 31. Kh1 a3 32. Rg1 Bb3 33. Qe1 a2 34. Qa1 Bc2 35. Bd5 cxd5 36. Rxg7+ Rxg7 37. cxd5 Be4# 0-1